[Event "Campeonato Brasileiro Amador 2019 U2200"]
[Site "Sao Paulo"]
[Date "2019.06.22"]
[Round "6.11"]
[White "Soares, Renan Barbosa Montei"]
[Black "Miranda Neto, Jayme Amorim"]
[Result "1/2-1/2"]
[WhiteElo "1991"]
[BlackElo "2119"]
[PlyCount "119"]
[EventDate "2019.06.20"]

1. d4 d5 2. Nf3 Nf6 3. c4 c6 4. Nc3 e6 5. Bg5 Be7 6. e3 Nbd7 7. Rc1 O-O 8. a3
b6 9. Qa4 Bb7 10. cxd5 exd5 11. Bd3 h6 12. Bh4 Re8 13. O-O c5 14. Rfe1 a6 15.
Bb1 c4 16. Ne5 b5 17. Qc2 Nf8 18. Qf5 Qd6 19. Qf3 Rad8 20. Ne2 Ne6 21. Ng3 Bc8
22. Nf5 Ng5 23. Bxg5 Bxf5 24. Bxf6 Bxf6 25. Qxf5 g6 26. Qf4 Bxe5 27. dxe5 Rxe5
28. g3 d4 29. Qxd4 Qxd4 30. exd4 Rxe1+ 31. Rxe1 Rxd4 32. Be4 a5 33. Kg2 b4 34.
axb4 axb4 35. Kf3 f5 36. Bb1 Kf7 37. Re2 Rd1 38. Bc2 Ra1 39. Rd2 Kg7 40. Rd1
Ra2 41. Rb1 Kf6 42. Ke3 Ke5 43. f4+ Kd5 44. Bd1 Kc5 45. Be2 Ra7 46. Rc1 Re7+
47. Kd2 Re4 48. Ra1 Kd4 49. Ra4 Kc5 50. Ra5+ Kd4 51. Re5 c3+ 52. bxc3+ bxc3+
53. Kc2 Rxe5 54. fxe5 Kxe5 55. Kxc3 Ke4 56. Kd2 h5 57. Bb5 Kf3 58. Be8 Kg2 59.
Bxg6 Kxh2 60. Bxh5 1/2-1/2

[Event "Campeonato Brasileiro Amador 2019 U2200"]
[Site "Sao Paulo"]
[Date "2019.06.22"]
[Round "6.12"]
[White "Baldussi Fernandes, Bruno Mendonca"]
[Black "De Souza, Gilberto Ferreira"]
[Result "0-1"]
[WhiteElo "1740"]
[BlackElo "2079"]
[PlyCount "42"]
[EventDate "2019.06.20"]

{[%evp 0,42,27,34,58,58,68,63,147,106,118,122,95,72,72,45,96,72,72,72,71,18,31,
22,29,3,-9,-14,3,-6,47,29,29,12,40,-232,-234,-222,-159,-174,-128,-227,-238,
-251,-249]} 1. e4 c6 2. d4 d5 3. e5 f5 4. c4 e6 5. Nf3 Ne7 6. Be2 dxc4 7. O-O
Nd5 8. Bxc4 Be7 9. Nc3 O-O 10. Nxd5 cxd5 11. Be2 Bd7 12. a3 Nc6 13. Bd2 Rc8 14.
Qb3 Qb6 15. Qxb6 axb6 16. b4 g5 17. g4 fxg4 18. Nxg5 Nxd4 19. Bxg4 Nb3 20. Be3
Nxa1 21. Rxa1 d4 0-1

[Event "Campeonato Brasileiro Amador 2019 U2200"]
[Site "Sao Paulo"]
[Date "2019.06.22"]
[Round "6.13"]
[White "Duailibi, Ricardo Miguel"]
[Black "Van Riemsdijk, Dirk D."]
[Result "1-0"]
[WhiteElo "1828"]
[BlackElo "1931"]
[PlyCount "41"]
[EventDate "2019.06.20"]

{[%evp 0,41,26,34,55,56,56,56,63,52,52,44,73,63,63,39,69,23,67,31,69,36,197,
189,158,158,244,226,203,203,241,176,427,427,567,571,652,647,691,659,685,822,
1164,1277]} 1. e4 c6 2. d4 d5 3. e5 Bf5 4. Nf3 e6 5. Be2 c5 6. O-O Nc6 7. c3
Qb6 8. a4 cxd4 9. Nxd4 Nge7 10. a5 Qd8 11. a6 Nxd4 12. cxd4 f6 13. exf6 gxf6
14. axb7 Rb8 15. Rxa7 Bxb1 16. Bf4 Nc6 17. Qa4 Qb6 18. Bxb8 Kf7 19. Ra6 Qxb7
20. Rxb1 Qxb8 21. Qxc6 1-0

[Event "Campeonato Brasileiro Amador 2019 U2200"]
[Site "Sao Paulo"]
[Date "2019.06.22"]
[Round "6.17"]
[White "Abreu, Guilherme Correa"]
[Black "Kajiwara, Flavio Toshio Prizon"]
[Result "1-0"]
[WhiteElo "1997"]
[BlackElo "1925"]
[PlyCount "92"]
[EventDate "2019.06.20"]

1. d4 Nf6 2. Nf3 g6 3. c4 Bg7 4. Nc3 d6 5. e4 O-O 6. Be2 Nc6 7. O-O e5 8. d5
Ne7 9. Ne1 Ne8 10. Nd3 f5 11. Bd2 Nf6 12. f3 f4 13. c5 g5 14. cxd6 cxd6 15. g4
fxg3 16. hxg3 h6 17. Be3 Ng6 18. Rc1 Bd7 19. Nf2 Rf7 20. Nb5 Bxb5 21. Bxb5 Qa5
22. Qa4 Qd8 23. Rc3 Qf8 24. Be2 Nh7 25. Nh3 Rc8 26. Rfc1 Rxc3 27. Rxc3 Rxf3 28.
Bxf3 Qxf3 29. Bf2 Qg4 30. Kg2 Nh4+ 31. Kh2 Nf3+ 32. Rxf3 Qxf3 33. Bxa7 Nf6 34.
Nf2 Nh5 35. Qb3 Qe2 36. Qd1 Qa6 37. Bb8 Nf6 38. a4 b5 39. axb5 Qb6 40. Qc2 Qxb8
41. Qc6 Bf8 42. b6 Be7 43. b7 Bd8 44. Qc8 Qa7 45. Qxd8+ Kg7 46. Qc7+ Kg6 1-0

[Event "Campeonato Brasileiro Amador 2019 U2200"]
[Site "Sao Paulo"]
[Date "2019.06.22"]
[Round "6.18"]
[White "Pertuzatti, Daniel"]
[Black "Mobaier, Sergio"]
[Result "1-0"]
[WhiteElo "1935"]
[BlackElo "1918"]
[PlyCount "77"]
[EventDate "2019.06.20"]

1. f4 d5 2. Nf3 Nf6 3. b3 b6 4. Bb2 Bb7 5. e3 Nbd7 6. Be2 g6 7. O-O Bg7 8. a4
O-O 9. Qe1 c5 10. Qh4 Qc7 11. f5 Rac8 12. fxg6 hxg6 13. Ng5 Rfe8 14. Bg4 Rcd8
15. Ne6 Qd6 16. Nxd8 Rxd8 17. Nc3 Nxg4 18. Qxg4 Nf6 19. Qg3 Qc6 20. Qf3 Rf8 21.
Rab1 Qd7 22. d4 Qc6 23. Rbd1 cxd4 24. exd4 Ne4 25. Nxe4 dxe4 26. Qe2 f5 27. c4
e6 28. Qe3 Qd6 29. Qg3 f4 30. Qxg6 Rf6 31. Qg5 Kh7 32. d5 Rg6 33. Qh5+ Rh6 34.
Qf7 Rg6 35. Rxf4 Qd8 36. Bxg7 Rxg7 37. Qxe6 Qg5 38. Qxe4+ Kg8 39. Rdf1 1-0

[Event "Campeonato Brasileiro Amador 2019 U2200"]
[Site "Sao Paulo"]
[Date "2019.06.22"]
[Round "6.19"]
[White "Souza Dos Santos, Matheus Garcett"]
[Black "Leite, Tarcisio Dantas Frot"]
[Result "1-0"]
[WhiteElo "1867"]
[BlackElo "1572"]
[PlyCount "73"]
[EventDate "2019.06.20"]

{[%evp 0,58,26,34,100,53,108,93,65,55,120,82,112,110,103,89,92,75,76,62,96,54,
49,24,73,76,52,51,44,56,67,54,138,128,111,104,241,248,248,268,349,534,532,546,
539,324,324,320,309,320,541,553,554,564,587,678,682,678,689,730,765]} 1. e4 c5
2. Nf3 d6 3. d4 cxd4 4. Nxd4 a6 5. Nc3 e6 6. Be3 Be7 7. g4 Nf6 8. g5 Nfd7 9. h4
Qc7 10. Bh3 Ne5 11. Qe2 b5 12. O-O-O Nc4 13. f4 Nxe3 14. Qxe3 Nc6 15. f5 Nxd4
16. Qxd4 Rg8 17. fxe6 fxe6 18. Nd5 Qa7 19. Nb6 Rb8 20. Nxc8 Qxd4 21. Rxd4 Kd7
22. Nxe7 Kxe7 23. e5 d5 24. Rf4 a5 25. Rhf1 Rgf8 26. Rxf8 Rxf8 27. Rxf8 Kxf8
28. Bxe6 d4 29. Kd2 Ke7 30. Bd5 h6 31. Kd3 hxg5 32. hxg5 Kd7 33. Kxd4 Kc7 34.
Bf7 Kc6 35. Be8+ Kb6 36. Kd5 b4 37. Kd6 1-0

[Event "Campeonato Brasileiro Amador 2019 U2200"]
[Site "Sao Paulo"]
[Date "2019.06.23"]
[Round "7.1"]
[White "Labussiere, Victor"]
[Black "De Carvalho, Jose Jorge"]
[Result "1-0"]
[WhiteElo "2096"]
[BlackElo "2152"]
[PlyCount "126"]
[EventDate "2019.06.20"]

{[%evp 0,82,14,-14,-2,-16,43,43,43,43,43,32,8,-7,-3,-10,31,30,75,67,76,32,40,
26,48,3,84,84,82,97,97,105,102,97,122,111,79,81,79,42,42,14,9,19,75,74,75,65,
54,58,86,79,71,99,103,88,123,96,84,29,76,76,76,86,78,53,60,79,77,59,70,78,259,
246,259,296,246,273,462,459,598,470,626,676,682]} 1. c4 Nf6 2. Nc3 g6 3. e4 d6
4. d4 Bg7 5. Nge2 O-O 6. Ng3 e5 7. d5 c6 8. Be2 a6 9. O-O cxd5 10. cxd5 Nbd7
11. Be3 h5 12. Re1 Ng4 13. Bxg4 hxg4 14. Qxg4 Nc5 15. Qe2 Bd7 16. f3 b5 17. b4
Na4 18. Nxa4 bxa4 19. Nf1 f5 20. Rec1 Bb5 21. Qc2 Rf7 22. Nd2 Qh4 23. Qd1 Bf6
24. h3 Kg7 25. Rc3 Rh8 26. Rac1 Bd8 27. Qe1 Qh5 28. Nc4 Be7 29. Qd2 fxe4 30.
fxe4 Qh4 31. Qe1 Qh5 32. Qd2 Qh4 33. Qe1 Qh5 34. Bf2 Rhf8 35. R1c2 Rxf2 36.
Rxf2 Bh4 37. g3 Rxf2 38. Qxf2 Bg5 39. Nxd6 Qd1+ 40. Kh2 Qd2 41. Rc7+ Kg8 42.
Qxd2 Bxd2 43. Nxb5 axb5 44. d6 Bxb4 45. d7 Be7 46. Rc8+ Kf7 47. d8=Q Bxd8 48.
Rxd8 b4 49. Rb8 b3 50. axb3 axb3 51. Rxb3 Kf6 52. Rb6+ Kg5 53. h4+ Kh5 54. Re6
Kg4 55. Rxg6+ Kh5 56. Rg5+ Kh6 57. g4 Kh7 58. h5 Kh6 59. Rg6+ Kh7 60. g5 Kh8
61. h6 Kh7 62. Rg7+ Kh8 63. Ra7 Kg8 1-0

[Event "Campeonato Brasileiro Amador 2019 U2200"]
[Site "Sao Paulo"]
[Date "2019.06.23"]
[Round "7.2"]
[White "Magalhaes, Jonathas Jose De"]
[Black "Tomiello, Mateus Costamilan"]
[Result "0-1"]
[WhiteElo "2094"]
[BlackElo "2062"]
[PlyCount "68"]
[EventDate "2019.06.20"]

{[%evp 0,68,18,18,24,-16,43,43,43,43,43,43,38,32,46,24,41,37,31,11,55,39,18,30,
43,42,37,6,62,50,50,-38,-41,-27,-45,-49,-19,-35,-75,-112,-83,-62,-33,-30,0,-65,
-48,-136,-197,-197,-229,-200,-211,-234,-216,-233,-230,-223,-218,-225,-225,-237,
-229,-265,-286,-286,-286,-351,-386,-429,-429]} 1. d4 Nf6 2. c4 g6 3. Nc3 Bg7 4.
e4 d6 5. Nf3 O-O 6. Be2 e5 7. d5 a5 8. O-O Na6 9. Be3 Ng4 10. Bg5 f6 11. Bh4
Qe8 12. Ne1 f5 13. Nc2 Bh6 14. exf5 gxf5 15. Bxg4 fxg4 16. Re1 Qg6 17. Ne3 Nb4
18. Rf1 Bxe3 19. fxe3 Rxf1+ 20. Qxf1 Nc2 21. Rc1 Nxe3 22. Qe2 Qh6 23. Ne4 Nxg2
24. Bg5 Nf4 25. Qe3 Nh3+ 26. Kh1 Nxg5 27. Nxg5 Bf5 28. c5 Rf8 29. cxd6 Qxd6 30.
Rd1 c6 31. Qb3 cxd5 32. Qxb7 d4 33. Qb5 h6 34. Qb3+ Kg7 0-1

[Event "Campeonato Brasileiro Amador 2019 U2200"]
[Site "Sao Paulo"]
[Date "2019.06.23"]
[Round "7.3"]
[White "Tomiello, Lucas Costamilan"]
[Black "Almeida Junior, Alvaro Alves De"]
[Result "1-0"]
[WhiteElo "2088"]
[BlackElo "2059"]
[PlyCount "111"]
[EventDate "2019.06.20"]

{[%evp 0,111,16,28,54,83,92,50,50,50,50,-7,-7,-16,36,35,83,6,18,6,16,-38,-33,
-24,-26,-16,-55,-13,27,48,22,22,22,2,41,26,64,23,23,28,53,54,50,52,44,39,42,41,
45,31,27,18,0,11,-1,18,18,20,41,5,18,5,12,25,32,23,18,26,22,25,16,18,81,62,62,
44,38,40,40,51,51,80,131,123,133,89,111,111,191,44,191,145,145,107,140,84,167,
161,161,165,165,266,264,264,305,285,475,390,399,415,1165,1259,1345,1388]} 1. e4
Nf6 2. e5 Nd5 3. d4 d6 4. Nf3 Bg4 5. Bc4 e6 6. h3 Bh5 7. O-O Be7 8. Nbd2 O-O 9.
c3 dxe5 10. dxe5 Nc6 11. Re1 Nf4 12. Qc2 Bg5 13. Bf1 Qe7 14. g3 Nd5 15. Nxg5
Qxg5 16. Bg2 Qe7 17. Qb3 Nb6 18. a4 Rab8 19. Nc4 Qc5 20. Nxb6 axb6 21. Be3 Qe7
22. f4 Rfd8 23. Kh2 Ra8 24. Qc4 Bg6 25. Qe2 Bd3 26. Qf2 Bc4 27. b4 Bd5 28. Bf1
Bb3 29. Qb2 Bd5 30. Bf2 Bf3 31. Re3 Bh5 32. b5 Na5 33. Qb4 Qe8 34. c4 Rd7 35.
Ra2 Rad8 36. g4 Bg6 37. Bh4 Ra8 38. Qc3 Qf8 39. Rf2 Qc5 40. f5 exf5 41. gxf5
Bh5 42. e6 fxe6 43. fxe6 Rd4 44. Rg2 Bg6 45. Rg5 Qd6+ 46. Bg3 Rd2+ 47. Bg2 Qd4
48. Qxd4 Rxd4 49. e7 Nxc4 50. Bd5+ Rxd5 51. Rxd5 Re8 52. Rc3 c6 53. Rd7 Na5 54.
Rf3 h6 55. Rd8 Kh7 56. Rf8 1-0

[Event "Campeonato Brasileiro Amador 2019 U2200"]
[Site "Sao Paulo"]
[Date "2019.06.23"]
[Round "7.4"]
[White "Bortoloso, Moacir Canella"]
[Black "Federzoni, Enzo"]
[Result "0-1"]
[WhiteElo "2143"]
[BlackElo "2091"]
[PlyCount "74"]
[EventDate "2019.06.20"]

1. e4 c6 2. d4 d5 3. Nc3 dxe4 4. Nxe4 Nf6 5. Nxf6+ exf6 6. Be3 Bd6 7. Qd2 O-O
8. Ne2 h5 9. Bf4 Re8 10. Bxd6 Qxd6 11. O-O-O h4 12. Nc3 Bf5 13. Bd3 Bxd3 14.
Qxd3 Nd7 15. Kb1 b5 16. Qh3 b4 17. Na4 Re4 18. Rd3 Nb6 19. Nc5 Rxd4 20. Qxh4
Rxd3 21. Nxd3 c5 22. Re1 c4 23. Nc1 Qc5 24. Re3 Qg5 25. Qe4 g6 26. Rg3 Qe5 27.
Re3 Qxe4 28. Rxe4 Kf8 29. Ne2 Rd8 30. Kc1 Rd5 31. Rd4 Ra5 32. b3 Rxa2 33. bxc4
b3 34. cxb3 Rxe2 35. c5 Nc8 36. c6 Ke8 37. c7 Kf8 0-1

[Event "Campeonato Brasileiro Amador 2019 U2200"]
[Site "Sao Paulo"]
[Date "2019.06.23"]
[Round "7.5"]
[White "Mariani, Daniel Brandao"]
[Black "Labussiere, Yago"]
[Result "1-0"]
[WhiteElo "2037"]
[BlackElo "2110"]
[PlyCount "75"]
[EventDate "2019.06.20"]

1. d4 Nf6 2. c4 g6 3. Nc3 Bg7 4. e4 d6 5. f4 O-O 6. Nf3 Na6 7. e5 Nd7 8. exd6
exd6 9. Be2 Nf6 10. O-O Re8 11. a3 Bf5 12. Nh4 Be4 13. f5 Nd7 14. fxg6 hxg6 15.
Nf3 Bf5 16. Bg5 Bf6 17. Qd2 c6 18. Bf4 Nb6 19. Rad1 Nc7 20. Bh6 d5 21. b3 dxc4
22. bxc4 Be6 23. c5 Nc4 24. Qc1 b5 25. Ne4 Bg7 26. Bg5 f6 27. Bh4 Bd5 28. Bxc4
Bxc4 29. Rfe1 g5 30. Bg3 Bd5 31. Nd6 Rxe1+ 32. Rxe1 Qd7 33. Qc2 Qg4 34. Qg6 Qd7
35. h4 g4 36. Nf5 Ne6 37. Qxg4 Bxf3 38. Qh5 1-0

[Event "Campeonato Brasileiro Amador 2019 U2200"]
[Site "Sao Paulo"]
[Date "2019.06.23"]
[Round "7.6"]
[White "Carvalho, Felipe Lobo C."]
[Black "Guerreiro, Alexandre Vieira"]
[Result "1-0"]
[WhiteElo "2105"]
[BlackElo "2013"]
[Annotator "Rosas,Ednilson"]
[PlyCount "58"]
[EventDate "2019.06.20"]

{[%evp 0,58,16,10,34,38,29,36,27,27,88,34,34,35,25,8,4,-8,-6,-9,-1,-26,-20,-20,
-2,-11,43,43,50,73,96,62,62,75,96,42,84,73,73,66,73,22,42,-4,23,36,39,40,63,80,
142,142,163,163,290,237,261,169,200,161,198]} 1. d4 Nf6 2. Bf4 e6 3. e3 d5 4.
Nf3 c5 5. c3 Bd6 6. Bxd6 Qxd6 7. Nbd2 Nc6 8. Bb5 O-O 9. Bxc6 bxc6 10. O-O Ba6
11. Re1 Rfb8 12. Qa4 Bc8 13. Qa3 Nd7 14. Nb3 Qf8 15. Nxc5 Nxc5 16. dxc5 a5 17.
Ne5 Ra6 18. b3 f6 19. Nd3 e5 20. Nb2 Qf7 21. Qa4 e4 22. Qd4 Qg6 23. Kh1 Bg4 24.
Na4 Re8 25. c4 Re5 26. cxd5 Rh5 27. dxc6 Rxc6 28. Qd8+ Kf7 29. Rad1 Qg5 {
Player with a switched off mobile phone in his pocket} 1-0

[Event "Campeonato Brasileiro Amador 2019 U2200"]
[Site "Sao Paulo"]
[Date "2019.06.23"]
[Round "7.7"]
[White "Costa, Henrique De Jesus"]
[Black "Damaceno, Mateus Lima"]
[Result "0-1"]
[WhiteElo "1800"]
[BlackElo "2136"]
[PlyCount "54"]
[EventDate "2019.06.20"]

{[%evp 0,54,16,25,25,10,16,30,11,8,12,14,12,17,31,-6,-9,-9,-24,-11,-11,-49,-3,
-63,-12,-108,-117,-113,-68,-68,-77,-104,-84,-73,-87,-81,-89,-86,-91,-97,-102,
-117,-87,-99,-89,-201,-186,-201,-201,-201,-201,-238,-226,-338,-334,-692,-692]} 
1. d4 d5 2. Bf4 Nf6 3. e3 e6 4. Nd2 Bd6 5. Bg3 O-O 6. c3 b6 7. Bd3 c5 8. Qe2
Bb7 9. Ngf3 Nc6 10. Ne5 Ne7 11. Bh4 Ne4 12. f3 Nxd2 13. Qxd2 Qc7 14. Bxe7 Qxe7
15. f4 f6 16. Nf3 e5 17. fxe5 fxe5 18. dxe5 Bxe5 19. O-O-O Bf6 20. Rhe1 Rfe8
21. Qc2 g6 22. h4 c4 23. Bxg6 hxg6 24. Qxg6+ Qg7 25. Qf5 Rad8 26. Nd4 Bc8 27.
Qh5 Bg4 0-1

[Event "Campeonato Brasileiro Amador 2019 U2200"]
[Site "Sao Paulo"]
[Date "2019.06.23"]
[Round "7.8"]
[White "De Souza, Gilberto Ferreira"]
[Black "Borges, Wagner Da Silva"]
[Result "1-0"]
[WhiteElo "2079"]
[BlackElo "2134"]
[PlyCount "71"]
[EventDate "2019.06.20"]

{[%evp 0,71,26,20,34,-29,47,47,75,11,17,25,25,14,22,23,17,-12,11,-36,-40,-28,
-26,-63,-77,-74,-34,-62,-27,-83,-5,-5,-10,-39,-8,-1,12,21,5,31,83,-21,26,15,14,
-6,1,0,0,0,55,47,69,74,93,-4,81,64,80,92,145,122,171,171,246,197,197,190,197,
190,553,437,437,472]} 1. d4 Nf6 2. c4 g6 3. Nc3 d5 4. e3 Bg7 5. Nf3 O-O 6. Be2
c5 7. O-O cxd4 8. Nxd4 Nc6 9. Nxc6 bxc6 10. Qa4 Qb6 11. Qc2 Rb8 12. Rb1 a5 13.
b3 Rd8 14. Na4 Qa7 15. Bb2 Bf5 16. Bd3 dxc4 17. Bxf5 cxb3 18. axb3 gxf5 19.
Qxf5 Rb4 20. Qc2 Qb8 21. Bxf6 Bxf6 22. Qxc6 Rxb3 23. Rxb3 Qxb3 24. Qc7 Rd5 25.
Nb6 Rg5 26. Nd7 Kg7 27. Nxf6 Kxf6 28. Qf4+ Kg6 29. Qe4+ Kf6 30. Qxh7 Rg6 31.
Qh8+ Rg7 32. Qh6+ Rg6 33. Qf4+ Ke6 34. Qe4+ Kd6 35. Rb1 Qc3 36. Rd1+ 1-0

[Event "Campeonato Brasileiro Amador 2019 U2200"]
[Site "Sao Paulo"]
[Date "2019.06.23"]
[Round "7.9"]
[White "Ganhoto, Marco Alves"]
[Black "Duailibi, Ricardo Miguel"]
[Result "0-1"]
[WhiteElo "2081"]
[BlackElo "1828"]
[PlyCount "48"]
[EventDate "2019.06.20"]

{[%evp 0,48,16,-30,-1,-16,60,35,35,25,43,43,38,-24,1,-8,26,31,35,44,60,46,68,
62,62,48,15,3,3,-1,59,34,68,31,31,18,33,-8,-6,-3,-4,-31,-18,-198,-324,-324,
-324,-324,-302,-561,-548]} 1. c4 Nf6 2. Nf3 g6 3. Nc3 Bg7 4. e4 d6 5. d4 O-O 6.
g3 e5 7. Bg2 Nc6 8. d5 Ne7 9. O-O a5 10. Ne1 Nd7 11. Nd3 f5 12. f4 exf4 13.
Bxf4 Nb6 14. c5 Nc4 15. cxd6 cxd6 16. Qb3 fxe4 17. Nxe4 b5 18. Ng5 Qb6+ 19. Kh1
a4 20. Qb4 Bf5 21. Be4 Bxe4+ 22. Nxe4 Nxd5 23. Qe1 Rae8 24. Ndf2 Nxf4 0-1

[Event "Campeonato Brasileiro Amador 2019 U2200"]
[Site "Sao Paulo"]
[Date "2019.06.23"]
[Round "7.10"]
[White "Lage, Pedro Ferreira"]
[Black "Marcolino, Antonio Claudio H."]
[Result "1/2-1/2"]
[WhiteElo "2049"]
[BlackElo "2103"]
[PlyCount "42"]
[EventDate "2019.06.20"]

{[%evp 0,42,16,18,19,-5,44,5,54,8,27,-18,-20,-30,-5,-5,3,15,2,2,13,2,27,-38,-6,
4,20,31,41,34,38,29,36,18,27,31,27,18,33,32,79,56,53,26,27]} 1. Nf3 d5 2. c4 c6
3. e3 Bf5 4. Be2 e6 5. b3 Nf6 6. O-O Be7 7. Bb2 h6 8. d4 Nbd7 9. Nc3 O-O 10.
Bd3 Ne4 11. Ne1 Ndf6 12. f3 Nxc3 13. Bxc3 Bxd3 14. Nxd3 Qc7 15. Qe1 Rad8 16.
Bb4 Bxb4 17. Qxb4 Rfe8 18. Rfe1 Nh5 19. Rad1 f5 20. Ne5 Nf6 21. c5 Nd7 1/2-1/2

[Event "Campeonato Brasileiro Amador 2019 U2200"]
[Site "Sao Paulo"]
[Date "2019.06.23"]
[Round "7.11"]
[White "Miranda Neto, Jayme Amorim"]
[Black "Jesus Filho, Jose Carlos"]
[Result "1-0"]
[WhiteElo "2119"]
[BlackElo "1727"]
[PlyCount "119"]
[EventDate "2019.06.20"]

1. d4 g6 2. e4 Bg7 3. Nf3 d6 4. Bc4 Nc6 5. c3 e5 6. O-O Nf6 7. Re1 O-O 8. Bg5
Bg4 9. d5 Nb8 10. h3 Bxf3 11. Qxf3 h6 12. Bh4 g5 13. Bg3 Nbd7 14. Nd2 h5 15.
Nf1 Kh7 16. Qf5+ Kh6 17. Ne3 Nc5 18. Qf3 Rh8 19. Nf5+ Kg6 20. b4 Ncd7 21. Bb5
a6 22. Bd3 h4 23. Bh2 Nh5 24. Qg4 Nhf6 25. Qd1 Kh7 26. Be2 Nf8 27. Bg4 Ng6 28.
g3 Kg8 29. a4 Ne7 30. Qd2 Nxg4 31. hxg4 Nxf5 32. exf5 h3 33. Re4 f6 34. f3 Kf7
35. Kh1 Qd7 36. Bg1 h2 37. Bf2 b5 38. axb5 Qxb5 39. c4 Qb7 40. Ree1 Rhb8 41.
Ra4 c6 42. Kxh2 cxd5 43. cxd5 Qb5 44. Rea1 Rc8 45. Ra5 Qc4 46. b5 e4 47. R5a4
Qc2 48. Qxc2 Rxc2 49. Kg1 exf3 50. Rxa6 Rb8 51. Ra7+ Kg8 52. Rb1 Rbc8 53. b6
Rc1+ 54. Rxc1 Rxc1+ 55. Kh2 Rb1 56. Ra3 Bf8 57. Rxf3 Be7 58. Rc3 Kf7 59. Rc8
Rb2 60. Kg2 1-0

[Event "Campeonato Brasileiro Amador 2019 U2200"]
[Site "Sao Paulo"]
[Date "2019.06.23"]
[Round "7.12"]
[White "Ferreira, Jose Carlos"]
[Black "Pomar, Marcelo Nascimento"]
[Result "0-1"]
[WhiteElo "1832"]
[BlackElo "2019"]
[PlyCount "86"]
[EventDate "2019.06.20"]

1. d4 Nf6 2. Nf3 e6 3. c4 Bb4+ 4. Bd2 Qe7 5. Nc3 O-O 6. e3 d6 7. Be2 Nbd7 8.
Qc2 c6 9. a3 Ba5 10. b4 Bc7 11. e4 e5 12. O-O Re8 13. d5 Nf8 14. h3 Ng6 15.
Rfe1 Bd7 16. Nh2 Bb6 17. Bf1 Nh5 18. Ne2 cxd5 19. cxd5 Qh4 20. Be3 Bxe3 21.
fxe3 Rac8 22. Qd2 Qxe4 23. g4 Nf6 24. Nc3 Rxc3 25. Qxc3 Nxd5 26. Qd2 Nf6 27.
Rac1 Nh4 28. Rc4 Nf3+ 29. Nxf3 Qxf3 30. Bg2 Qg3 31. Qf2 Qxf2+ 32. Kxf2 d5 33.
Rc5 Bc6 34. Rd1 a6 35. Bf1 Ne4+ 36. Ke2 Nxc5 37. bxc5 Rd8 38. Bg2 Kf8 39. g5
Ke7 40. h4 f5 41. gxf6+ gxf6 42. Bh3 Bd7 43. Bg2 Bg4+ 0-1

[Event "Campeonato Brasileiro Amador 2019 U2200"]
[Site "Sao Paulo"]
[Date "2019.06.23"]
[Round "7.14"]
[White "Souza Dos Santos, Matheus Garcett"]
[Black "Abreu, Guilherme Correa"]
[Result "1/2-1/2"]
[WhiteElo "1867"]
[BlackElo "1997"]
[PlyCount "59"]
[EventDate "2019.06.20"]

{[%evp 0,59,34,18,86,66,112,112,79,64,64,55,72,68,107,0,48,45,48,29,63,14,14,8,
41,-10,66,42,51,-11,-2,-26,23,-41,-8,16,34,-37,-40,-40,-33,-46,4,-15,-15,-50,
-69,-81,-81,-186,-164,-192,80,80,118,126,141,118,121,103,210,187]} 1. e4 c5 2.
Nf3 d6 3. d4 cxd4 4. Nxd4 Nf6 5. Nc3 a6 6. Bg5 e6 7. f4 Nbd7 8. Qf3 Qc7 9.
O-O-O b5 10. g4 Bb7 11. Bxf6 Nxf6 12. a3 O-O-O 13. g5 Nd7 14. f5 Ne5 15. Qf2
exf5 16. Nxf5 g6 17. Ne3 Qb6 18. Ncd5 Bxd5 19. Rxd5 Bg7 20. Qd2 Rhe8 21. Bh3+
Kb7 22. Rd1 f5 23. exf5 Nf3 24. Qg2 Qxe3+ 25. Kb1 gxf5 26. R5d3 Qe2 27. Qxf3+
Qxf3 28. Rxf3 Re2 29. Rxf5 Rf8 30. Rxd6 1/2-1/2

[Event "Campeonato Brasileiro Amador 2019 U2200"]
[Site "Sao Paulo"]
[Date "2019.06.23"]
[Round "7.15"]
[White "Andrade, Guilherme A. De Souz"]
[Black "Pertuzatti, Daniel"]
[Result "0-1"]
[WhiteElo "1862"]
[BlackElo "1935"]
[PlyCount "126"]
[EventDate "2019.06.20"]

1. d4 d5 2. Bf4 c5 3. e3 Nc6 4. c3 Nf6 5. Nd2 Bf5 6. Ngf3 e6 7. Qb3 Qb6 8. dxc5
Bxc5 9. Nh4 Bg4 10. Nhf3 Nh5 11. Qxb6 Bxb6 12. Bd3 Nxf4 13. exf4 f6 14. O-O Bh5
15. Rfe1 Bf7 16. Rad1 O-O-O 17. Nb3 Rhe8 18. Nbd4 g6 19. Nxc6 bxc6 20. Bc2 Bc7
21. Nd4 Kb7 22. Ba4 Rd6 23. Re2 e5 24. fxe5 fxe5 25. Nb3 Bb6 26. c4 Rdd8 27.
cxd5 Bxd5 28. Rde1 Rf8 29. Nd2 Rf4 30. Bb3 Rdf8 31. Rf1 R4f5 32. Bc2 Rf4 33. b3
Bd4 34. Ne4 Kc7 35. g3 R4f7 36. Ng5 Re7 37. Ne4 h5 38. h4 Rf3 39. Kh2 a5 40.
Ng5 Rf6 41. Be4 Kd6 42. Kg2 a4 43. Rc1 axb3 44. axb3 Rb7 45. Rec2 Rxb3 46. Rd1
c5 47. Rdd2 Ra3 48. Rc1 Rb3 49. Rcc2 Ra3 50. Rc1 Rf8 51. Rb1 c4 52. Rb6+ Kc5
53. Rxg6 c3 54. Rc2 Bxe4+ 55. Nxe4+ Kc4 56. Rc6+ Kd3 57. Nxc3 Rxc3 58. R2xc3+
Bxc3 59. Rg6 e4 60. g4 Bd4 61. gxh5 Rxf2+ 62. Kg3 Rf1 63. Ra6 e3 0-1

[Event "Campeonato Brasileiro Amador 2019 U2200"]
[Site "Sao Paulo"]
[Date "2019.06.23"]
[Round "7.16"]
[White "Van Riemsdijk, Dirk D."]
[Black "Baldussi Fernandes, Bruno Mendonca"]
[Result "1-0"]
[WhiteElo "1931"]
[BlackElo "1740"]
[PlyCount "71"]
[EventDate "2019.06.20"]

1. e4 c5 2. Nf3 Nc6 3. d4 cxd4 4. Nxd4 g6 5. c4 Bg7 6. Be3 Nf6 7. f3 O-O 8. Nc3
d6 9. Rc1 Qb6 10. Nf5 Qxb2 11. Nxg7 Kxg7 12. Be2 Ne5 13. O-O Be6 14. Nd5 Qxa2
15. Bd4 Qa5 16. Nxe7 Qd8 17. Nd5 Bxd5 18. cxd5 Kg8 19. Qd2 Qe7 20. Qh6 Rfc8 21.
f4 Ned7 22. Bf3 Ne8 23. Rce1 Rc4 24. Ba1 Qf8 25. Qh3 Nc5 26. Re3 f6 27. e5 Rxf4
28. e6 Qe7 29. g3 Rb4 30. Re2 Nc7 31. Bg2 Rf8 32. Ref2 f5 33. Qh6 Ne4 34. Rf4
Nxd5 35. Rh4 a5 36. Qxg6+ 1-0

[Event "Campeonato Brasileiro Amador 2019 U2200"]
[Site "Sao Paulo"]
[Date "2019.06.23"]
[Round "7.18"]
[White "Leite, Tarcisio Dantas Frot"]
[Black "Almeida Silva, Emiliano Piskator"]
[Result "*"]
[WhiteElo "1572"]
[BlackElo "1707"]
[PlyCount "75"]
[EventDate "2019.06.20"]

{[%evp 0,75,16,28,84,78,85,74,102,74,78,91,90,41,41,46,53,53,62,29,31,23,23,-1,
9,11,12,16,30,38,47,28,59,16,18,26,163,163,163,163,223,208,220,220,220,220,220,
220,212,223,219,219,292,216,262,199,326,370,437,252,480,501,493,437,463,473,
489,490,512,390,429,366,501,312,474,474,443,441]} 1. e4 d6 2. Nf3 Nf6 3. Nc3 g6
4. Bc4 Bg7 5. d4 c6 6. Bd3 O-O 7. h3 Na6 8. a3 c5 9. Be3 cxd4 10. Bxd4 Nc5 11.
Qd2 Nxd3+ 12. cxd3 Bd7 13. Rc1 Bc6 14. O-O a6 15. Rc2 Qa5 16. Qe2 Rfc8 17. Rfc1
b5 18. Nd5 Nxd5 19. exd5 Bd7 20. Rxc8+ Rxc8 21. Rxc8+ Bxc8 22. Bxg7 Kxg7 23.
Qxe7 b4 24. Qxd6 bxa3 25. bxa3 Bf5 26. d4 Qa4 27. Kh2 Qc2 28. Qe5+ Kf8 29. Kg3
Qd3 30. d6 Kg8 31. Qe8+ Kg7 32. d7 Bxd7 33. Qxd7 Qxa3 34. Kh2 Qa2 35. Kg3 a5
36. Qe7 Qb3 37. Qe5+ Kg8 38. Qxa5 *